Statistical geography: Methods and applications (Record no. 361292)
[ view plain ]
| 000 -LEADER | |
|---|---|
| fixed length control field | 00512 a2200181 4500 |
| 005 - DATE & TIME | |
| control field | 20250528160352.0 |
| 008 - FIXED-LENGTH DATA ELEMENTS--GENERAL INFORMATION | |
| fixed length control field | 250528b |||||||| |||| 00| 0 eng d |
| 020 ## - ISBN | |
| International Standard Book Number | 9788170332718 |
| Price | Rs. 275.00 |
| 040 ## - CATALOGING SOURCE | |
| Original cataloging agency | VIVEKANANDA LIBRARY |
| 082 ## - DDC NUMBER | |
| Classification number | 910.0182 |
| Book Number | Z S |
| 100 ## - MAIN ENTRY--PERSONAL NAME | |
| Personal name | Zamir, Alvi |
| 245 ## - TITLE STATEMENT | |
| Title | Statistical geography: Methods and applications |
| 260 ## - PUBLICATION, DISTRIBUTION, ETC. (IMPRINT) | |
| Name of publisher, distributor, etc | Rawat Publications |
| Date of publication, distribution, etc | 2023 |
| Place of publication, distribution, etc | A88S |
| 300 ## - PHYSICAL DESCRIPTION | |
| Pages | xiv, 194 |
| 650 ## - Subject | |
| Subject | Geography - Statistical Methods |
| 650 ## - Subject | |
| Subject | Geographic Information Systems |
| 942 ## - ADDED ENTRY ELEMENTS (KOHA) | |
| Koha item type | Books |
| Withdrawn status | Lost status | Source of classification or shelving scheme | Damaged status | Not for loan | Location (home branch) | Sublocation or collection (holding branch) | Shelving location | Date acquired | Koha issues (times borrowed) | Koha full call number | Accession No. | Koha date last seen | Koha item type |
|---|---|---|---|---|---|---|---|---|---|---|---|---|---|
| Dewey Decimal Classification | VIVEKANANDA LIBRARY | VIVEKANANDA LIBRARY | Geography Department | 01/02/2025 | 910.0182 Z S | 441982 | 01/02/2025 | Books |
